US states with highest buildings - Statistics

General Stats
  • This quiz has been taken 56 times
    26 since last reset
  • The average score is 8 of 10
Answer Stats
Height (ft) State % Correct
1,100 (335 m) California
100%
1,776 (541 m) New York
100%
1,450 (442 m) Illinois
96%
1,002 (305 m) Texas
92%
932 (284 m) Washington
85%
948 (289 m) Ohio
77%
1121 (342 m) Pennsylvania
69%
1,023 (312 m) Georgia
65%
900 (274 m) New Jersey
65%
871 (265 m) North Carolina
46%
No matching quizzes found
Score Distribution
Percent of People with Each Score
Percentile by Number Answered
Your Score History
You have not taken this quiz since the last reset